Top 20 Words Starting with A - Statistics

General Stats
  • This quiz has been taken 3,003 times
  • The average score is 11 of 20
Answer Stats
rank length word % Correct
2 1 a
100%
6 2 an
98%
1 3 and
91%
3 2 as
91%
4 2 at
87%
7 3 all
84%
5 3 are
81%
11 5 after
59%
13 3 ask
54%
8 5 about
49%
10 3 any
49%
14 3 act
44%
9 4 also
41%
19 3 age
40%
17 5 again
35%
15 7 another
25%
16 7 against
17%
12 4 area
14%
20 6 action
13%
18 9 authority
5%
No matching quizzes found
Score Distribution
Percent of People with Each Score
Percentile by Number Answered
Your Score History
You have not taken this quiz